[Event "Danmarksmesterskabet 1975"]
[Site "Odense"]
[Date "1975.03.29"]
[Round "8"]
[White "Bjerring, Kai"]
[Black "Lund, Jens Christian"]
[Result "1/2-1/2"]
[WhiteElo "2297"]
[BlackElo "2206"]
[PlyCount "80"]
[EventDate "1975.03.22"]
[EventType "swiss"]
[EventRounds "10"]
[EventCountry "DEN"]
[SourceTitle "ChessBase"]

1. e4 e5 2. Nf3 Nc6 3. Bb5 a6 4. Ba4 Nf6 5. O-O Nxe4 6. d4 b5 7. Bb3 d5 8. dxe5 Be6 9. Qe2 Be7 10. Rd1 O-O 11. c4 bxc4 12. Bxc4 Qd7 13. Nc3 Nxc3 14. bxc3 f6 15. exf6 Bxf6 16. Bg5 Kh8 17. Bxf6 Rxf6 18. Ne5 Nxe5 19. Qxe5 c6 20. Rd2 Qf7 21. Bd3 Bf5 22. Bxf5 Rxf5 23. Qd6 Rf8 24. Re1 h6 25. Qc5 Rf4 26. f3 Rc4 27. Qe3 Qf4 28. Rd4 Qxe3+ 29. Rxe3 Rf4 30. Rd2 Rc5 31. Rd4 Rc4 32. Rxf4 Rxf4 33. Kf1 Ra4 34. Re2 Kg8 35. Rc2 Kf7 36. Ke2 Rh4 37. h3 Ra4 38. Kd3 Ke6 39. g3 Ra5 40. Rb2 Rb5 1/2-1/2

[Event "Danmarksmesterskabet 1975"]
[Site "Odense"]
[Date "1975.03.25"]
[Round "4"]
[White "Bjerring, Kai"]
[Black "Rosenlund, Thorbjorn"]
[Result "0-1"]
[WhiteElo "2297"]
[BlackElo "2324"]
[PlyCount "92"]
[EventDate "1975.03.22"]
[EventType "swiss"]
[EventRounds "10"]
[EventCountry "DEN"]
[SourceTitle "ChessBase"]

1. e4 c6 2. d4 d5 3. exd5 cxd5 4. c4 Nf6 5. Nc3 e6 6. Nf3 Be7 7. Be2 O-O 8. O-O dxc4 9. Bxc4 a6 10. a4 Nc6 11. Be3 Nb4 12. Ne5 b6 13. Qf3 Ra7 14. Rad1 Bb7 15. Qh3 Nfd5 16. Be2 Bf6 17. f4 g6 18. Ne4 Nxe3 19. Nxf6+ Qxf6 20. Qxe3 Rd8 21. Ng4 Qg7 22. Qe5 Nc6 23. Qg5 Ba8 24. Bf3 Ne7 25. Bxa8 Rdxa8 26. Ne3 Rd7 27. Qe5 Rad8 28. Ng4 Nd5 29. Rc1 h5 30. Qxg7+ Kxg7 31. Ne5 Rb7 32. g3 Ne7 33. Rfd1 Nf5 34. Nf3 b5 35. b3 bxa4 36. bxa4 Rb4 37. Rc7 Rxa4 38. Ne5 Nh6 39. Nc6 Rd5 40. Re1 Rb5 41. Rxe6 Rb2 42. Kf1 Ra1+ 43. Re1 Raa2 44. Ne5 Rf2+ 45. Kg1 Rg2+ 46. Kh1 Rxh2+ 0-1

[Event "Danmarksmesterskabet 1975"]
[Site "Odense"]
[Date "1975.03.30"]
[Round "9"]
[White "Bjerring, Kai"]
[Black "Ingerslev, Aage"]
[Result "1-0"]
[WhiteElo "2297"]
[BlackElo "2334"]
[PlyCount "117"]
[EventDate "1975.03.22"]
[EventType "swiss"]
[EventRounds "10"]
[EventCountry "DEN"]
[SourceTitle "ChessBase"]

1. e4 e5 2. Nf3 Nc6 3. Bb5 a6 4. Ba4 d6 5. c4 Bg4 6. h3 Bxf3 7. Qxf3 g6 8. Nc3 Bg7 9. d3 Nge7 10. Bg5 f6 11. Bxf6 O-O 12. Bxe7 Qxe7 13. Nd5 Qh4 14. Qg3 Qxg3 15. fxg3 Rf7 16. Bxc6 bxc6 17. Ne3 Raf8 18. Rf1 Rxf1+ 19. Nxf1 Kf7 20. Nd2 Ke6 21. Nf3 Bf6 22. Kd2 Rb8 23. Kc2 c5 24. Rf1 c6 25. g4 Rb7 26. g5 Bd8 27. h4 Be7 28. g3 Rb8 29. Nh2 Bf8 30. Rf6+ Ke7 31. Ng4 Bg7 32. Nxe5 dxe5 33. Rxc6 Kd7 34. Rxc5 Bf8 35. Ra5 Bd6 36. Rxa6 Rf8 37. Kc3 Rf3 38. b4 Rxg3 39. c5 Bc7 40. Rf6 Rg2 41. a4 Ra2 42. Kb3 Ra1 43. a5 Bd8 44. Rd6+ Kc8 45. Kc4 Bc7 46. Rf6 Kb7 47. Kb5 Ra3 48. Rf7 Rxd3 49. a6+ Kc8 50. Kc6 Bd8 51. Ra7 Kb8 52. Rb7+ Ka8 53. Rxh7 Rd4 54. Rh8 Ka7 55. b5 Ka8 56. b6 Kb8 57. h5 Ka8 58. hxg6 Kb8 59. g7 1-0

[Event "Danmarksmesterskabet 1975"]
[Site "Odense"]
[Date "1975.03.24"]
[Round "3"]
[White "Bjerring, Kai"]
[Black "Hvenekilde, Jorgen"]
[Result "1/2-1/2"]
[WhiteElo "2297"]
[BlackElo "2298"]
[PlyCount "27"]
[EventDate "1975.03.22"]
[EventType "swiss"]
[EventRounds "10"]
[EventCountry "DEN"]
[SourceTitle "ChessBase"]

1. Nf3 b6 2. e4 g6 3. d4 Bg7 4. Bd3 c5 5. c3 Ba6 6. Bxa6 Nxa6 7. d5 Nc7 8. O-O d6 9. Re1 Nf6 10. Bg5 h6 11. Bxf6 exf6 12. Nbd2 O-O 13. a4 Rb8 14. Nc4 1/2-1/2

[Event "Danmarksmesterskabet 1975"]
[Site "Odense"]
[Date "1975.03.27"]
[Round "6"]
[White "Bjerring, Kai"]
[Black "Brinck Claussen, Bjorn"]
[Result "0-1"]
[WhiteElo "2297"]
[BlackElo "2408"]
[PlyCount "72"]
[EventDate "1975.03.22"]
[EventType "swiss"]
[EventRounds "10"]
[EventCountry "DEN"]
[SourceTitle "ChessBase"]

1. e4 e6 2. d4 d5 3. Nd2 Nc6 4. Ngf3 Nh6 5. c3 f5 6. exd5 exd5 7. Bb5 Nf7 8. O-O Be7 9. Ne5 Nfxe5 10. dxe5 O-O 11. Nf3 a6 12. Bd3 Be6 13. Qe2 Kh8 14. Nd4 Nxd4 15. cxd4 c5 16. dxc5 Bxc5 17. Be3 Bxe3 18. Qxe3 f4 19. Qd4 f3 20. g3 Qg5 21. Rfe1 Rf7 22. Qb6 Re8 23. Rac1 Bf5 24. Bf1 Be4 25. Rc7 Rxc7 26. Qxc7 Qxe5 27. Qxb7 Rb8 28. Rc1 h6 29. Rc8+ Rxc8 30. Qxc8+ Kh7 31. Qc3 d4 32. Qd2 a5 33. h4 Kh8 34. Bc4 Bf5 35. b4 d3 36. bxa5 Qa1+ 0-1

[Event "Danmarksmesterskabet 1975"]
[Site "Odense"]
[Date "1975.03.22"]
[Round "1"]
[White "Brinck Claussen, Bjorn"]
[Black "Kjeldsen, Torben"]
[Result "1-0"]
[WhiteElo "2408"]
[BlackElo "2158"]
[PlyCount "141"]
[EventDate "1975.03.22"]
[EventType "swiss"]
[EventRounds "10"]
[EventCountry "DEN"]
[SourceTitle "ChessBase"]

1. d4 d5 2. c4 e6 3. Nc3 Be7 4. Nf3 Nf6 5. Bg5 O-O 6. e3 h6 7. Bh4 b6 8. Bd3 Bb7 9. O-O Nbd7 10. Qe2 Ne4 11. Bxe7 Nxc3 12. bxc3 Qxe7 13. cxd5 exd5 14. a4 c5 15. Rfb1 Bc6 16. Nd2 Nf6 17. f3 Rfe8 18. Nf1 Rad8 19. Qf2 Rd6 20. Re1 Qd7 21. Bc2 g6 22. a5 Rde6 23. axb6 axb6 24. Bd3 Bb5 25. Qe2 Bxd3 26. Qxd3 h5 27. Reb1 Kg7 28. Rb2 Qc6 29. Qb5 Rc8 30. Ra7 Qxb5 31. Rxb5 cxd4 32. cxd4 Rc1 33. Ra3 Rec6 34. Rab3 Rd1 35. Rb1 Rxb1 36. Rxb1 Kf8 37. Rb2 Ke7 38. Kf2 Kd6 39. Nd2 Nd7 40. Nb1 Rc1 41. Na3 Ra1 42. Nc2 Ra8 43. Nb4 Rc8 44. Nd3 Rc3 45. Ke2 Rc4 46. Kd2 Rc8 47. e4 dxe4 48. fxe4 g5 49. Rb5 f6 50. Rd5+ Ke7 51. g3 Ra8 52. h4 Ra2+ 53. Ke3 Ra5 54. Nb4 Rxd5 55. Nxd5+ Kd6 56. Kd3 Ke6 57. Ne3 b5 58. Nf5 Nb6 59. hxg5 fxg5 60. Ng7+ Kd6 61. Nxh5 Nc4 62. Nf6 Nb2+ 63. Kc3 Nd1+ 64. Kb4 Nf2 65. Kxb5 Ke6 66. e5 Nd1 67. g4 Ne3 68. Kc5 Ng2 69. Nh7 Ne3 70. Nxg5+ Ke7 71. d5 1-0

[Event "Danmarksmesterskabet 1975"]
[Site "Odense"]
[Date "1975.03.26"]
[Round "5"]
[White "Brinck Claussen, Bjorn"]
[Black "Brondum, Eric"]
[Result "1/2-1/2"]
[WhiteElo "2408"]
[BlackElo "2207"]
[PlyCount "76"]
[EventDate "1975.03.22"]
[EventType "swiss"]
[EventRounds "10"]
[EventCountry "DEN"]
[SourceTitle "ChessBase"]

1. d4 Nf6 2. c4 c5 3. d5 e6 4. Nc3 exd5 5. cxd5 d6 6. Nf3 g6 7. Nd2 Nbd7 8. Nc4 Nb6 9. e4 Nxc4 10. Bxc4 Bg7 11. O-O O-O 12. a4 Ng4 13. h3 Ne5 14. Be2 g5 15. f4 gxf4 16. Bxf4 Kh8 17. Qd2 Rg8 18. Bg5 f6 19. Bf4 Qe7 20. Kh1 Bd7 21. Rf2 Raf8 22. Raf1 a6 23. b3 Qe8 24. Bh6 Qg6 25. Bxg7+ Rxg7 26. Qf4 Qg3 27. Qxg3 Rxg3 28. Bf3 b5 29. axb5 Bxb5 30. Nxb5 axb5 31. Ra1 c4 32. bxc4 bxc4 33. Kh2 Rg7 34. Rc2 Rc7 35. Ra6 Rd8 36. Rc3 Kg7 37. Kg3 Kf7 38. Kf4 Ke7 1/2-1/2

[Event "Danmarksmesterskabet 1975"]
[Site "Odense"]
[Date "1975.03.29"]
[Round "8"]
[White "Brondum, Eric"]
[Black "Norby, Peter H"]
[Result "1/2-1/2"]
[WhiteElo "2207"]
[BlackElo "2293"]
[PlyCount "72"]
[EventDate "1975.03.22"]
[EventType "swiss"]
[EventRounds "10"]
[EventCountry "DEN"]
[SourceTitle "ChessBase"]

1. e4 c5 2. Nf3 Nc6 3. d4 cxd4 4. Nxd4 Nf6 5. Nc3 e5 6. Ndb5 d6 7. Bg5 a6 8. Na3 b5 9. Nd5 Qa5+ 10. Bd2 Qd8 11. Bd3 Nxd5 12. exd5 Ne7 13. c4 g6 14. cxb5 Bg7 15. bxa6 O-O 16. O-O Bxa6 17. Bxa6 Rxa6 18. Bg5 f6 19. Be3 Qa8 20. Nb5 Nxd5 21. Qb3 Kh8 22. Rfd1 Nxe3 23. fxe3 Rb8 24. a4 Qe4 25. Nxd6 Rxb3 26. Nxe4 Bh6 27. Rd8+ Kg7 28. Rd7+ Kg8 29. Rd8+ Kf7 30. Rd7+ Ke8 31. Rxh7 Bxe3+ 32. Kf1 Rxb2 33. Rd1 Rc6 34. Nd6+ Kf8 35. Nc4 Kg8 36. Rdd7 Rxc4 1/2-1/2

[Event "Danmarksmesterskabet 1975"]
[Site "Odense"]
[Date "1975.03.22"]
[Round "1"]
[White "Brondum, Eric"]
[Black "Kolbak, Jens"]
[Result "0-1"]
[WhiteElo "2207"]
[BlackElo "2343"]
[PlyCount "74"]
[EventDate "1975.03.22"]
[EventType "swiss"]
[EventRounds "10"]
[EventCountry "DEN"]
[SourceTitle "ChessBase"]

1. d4 d5 2. c4 c6 3. Nf3 Nf6 4. Nc3 g6 5. Bf4 Bg7 6. e3 O-O 7. Qb3 Qa5 8. Be2 Nbd7 9. O-O dxc4 10. Bxc4 Nb6 11. Bc7 Ne8 12. Bd8 Nd6 13. Bxb6 axb6 14. Be2 Bf5 15. Nd2 Be6 16. Qc2 Rfc8 17. Bf3 b5 18. Nce4 Nxe4 19. Nxe4 Bd5 20. h4 Qd8 21. h5 e5 22. hxg6 hxg6 23. dxe5 Bxe5 24. Rad1 Qe7 25. g3 Re8 26. b3 Bg7 27. Nd2 Be6 28. Be4 Qa3 29. Bxg6 fxg6 30. Qxg6 Qf8 31. f4 Qf5 32. Qxf5 Bxf5 33. e4 Bxe4 34. Nxe4 Rxe4 35. Rd7 Rxa2 36. Rf2 Bd4 37. Rxd4 Ra1+ 0-1

[Event "Danmarksmesterskabet 1975"]
[Site "Odense"]
[Date "1975.03.25"]
[Round "4"]
[White "Brondum, Eric"]
[Black "Jacobsen, Bo"]
[Result "1-0"]
[WhiteElo "2207"]
[BlackElo "2377"]
[PlyCount "59"]
[EventDate "1975.03.22"]
[EventType "swiss"]
[EventRounds "10"]
[EventCountry "DEN"]
[SourceTitle "ChessBase"]

1. d4 Nf6 2. c4 g6 3. Nc3 Bg7 4. e4 d6 5. f3 a6 6. Be3 Nc6 7. Qd2 Rb8 8. Nge2 Bd7 9. h4 e5 10. d5 Na5 11. Ng3 b5 12. cxb5 axb5 13. b3 b4 14. Nd1 c6 15. Nb2 cxd5 16. exd5 O-O 17. Ne4 Nxe4 18. fxe4 f5 19. h5 fxe4 20. hxg6 hxg6 21. Be2 Qc7 22. Rc1 Qd8 23. Nd1 Bb5 24. Nf2 Bxe2 25. Qxe2 Rc8 26. Rxc8 Qxc8 27. Nxe4 Qa8 28. Qg4 Qxd5 29. Qxg6 Qf7 30. Qh7# 1-0

[Event "Danmarksmesterskabet 1975"]
[Site "Odense"]
[Date "1975.03.30"]
[Round "9"]
[White "Brondum, Eric"]
[Black "Rosenlund, Thorbjorn"]
[Result "1-0"]
[WhiteElo "2207"]
[BlackElo "2324"]
[PlyCount "69"]
[EventDate "1975.03.22"]
[EventType "swiss"]
[EventRounds "10"]
[EventCountry "DEN"]
[SourceTitle "ChessBase"]

1. d4 Nf6 2. c4 g6 3. Nc3 d5 4. cxd5 Nxd5 5. e4 Nxc3 6. bxc3 c5 7. Be3 Bg7 8. Bc4 O-O 9. Ne2 cxd4 10. cxd4 Nc6 11. h4 Qd6 12. Rb1 Rd8 13. e5 Qc7 14. Qc1 Bf5 15. Rb3 Rac8 16. Rc3 Qa5 17. O-O Nb4 18. Qb2 Nd5 19. Ra3 Qb6 20. Rb3 Rxc4 21. Rxb6 Nxb6 22. Ng3 Be6 23. Qa3 Ra4 24. Qxe7 Rb8 25. Ne4 Nd5 26. Qd6 Ra8 27. Nf6+ Nxf6 28. exf6 Bxf6 29. h5 Rd8 30. Qc7 Rxa2 31. h6 Bd5 32. Re1 Re8 33. Bd2 Rf8 34. Qd6 Bxd4 35. Qxf8+ 1-0

[Event "Danmarksmesterskabet 1975"]
[Site "Odense"]
[Date "1975.03.30"]
[Round "9"]
[White "Eriksen, Soren"]
[Black "Jacobsen, Bo"]
[Result "0-1"]
[WhiteElo "2163"]
[BlackElo "2377"]
[PlyCount "70"]
[EventDate "1975.03.22"]
[EventType "swiss"]
[EventRounds "10"]
[EventCountry "DEN"]
[SourceTitle "ChessBase"]

1. e4 e5 2. f4 exf4 3. Nf3 d6 4. d4 g5 5. Bc4 Bg7 6. O-O h6 7. c3 Nc6 8. Nbd2 Nf6 9. b4 O-O 10. Bd3 Re8 11. b5 Ne7 12. Re1 Bd7 13. a4 g4 14. Nh4 Nh5 15. Nf1 Nd5 16. Nf5 Bxf5 17. exf5 Qh4 18. Bd2 f3 19. gxf3 Nhf4 20. Bxf4 Nxf4 21. Rxe8+ Rxe8 22. Ng3 Re3 23. Bf1 gxf3 24. Qd2 Rxc3 25. Kh1 Nd5 26. Re1 Qxd4 27. Qxd4 Bxd4 28. Rd1 Bf2 29. Ne4 Rc2 30. Rxd5 Rc1 31. Nd2 Be3 32. Rd3 Bxd2 33. Rxf3 Ra1 34. f6 Rxa4 35. Bd3 Rf4 0-1

[Event "Danmarksmesterskabet 1975"]
[Site "Odense"]
[Date "1975.03.25"]
[Round "4"]
[White "Eriksen, Soren"]
[Black "Kjeldsen, Torben"]
[Result "1/2-1/2"]
[WhiteElo "2163"]
[BlackElo "2158"]
[PlyCount "69"]
[EventDate "1975.03.22"]
[EventType "swiss"]
[EventRounds "10"]
[EventCountry "DEN"]
[SourceTitle "ChessBase"]

1. e4 e5 2. Nf3 Nc6 3. Bb5 a6 4. Ba4 d6 5. c3 Bd7 6. O-O Nf6 7. Re1 g6 8. d4 Qe7 9. Nbd2 Bg7 10. Bc2 O-O 11. Nf1 Bg4 12. d5 Nb8 13. Ne3 Bc8 14. Rb1 a5 15. a3 a4 16. Nd2 Bd7 17. c4 Qe8 18. b4 axb3 19. Nxb3 b6 20. Qe2 Ba4 21. Nd1 Nbd7 22. Nc3 Bxb3 23. Rxb3 Nc5 24. Rb4 Nh5 25. Nb5 Qe7 26. g3 Rfe8 27. Be3 Na6 28. Rb3 Bf6 29. a4 Bg5 30. Ra1 Bxe3 31. Rxe3 Nc5 32. Qd2 Ra5 33. Re2 Rea8 34. Qd1 Qd7 35. Bb3 1/2-1/2

[Event "Danmarksmesterskabet 1975"]
[Site "Odense"]
[Date "1975.03.31"]
[Round "10"]
[White "Eriksen, Soren"]
[Black "Hvenekilde, Jorgen"]
[Result "0-1"]
[WhiteElo "2163"]
[BlackElo "2298"]
[PlyCount "54"]
[EventDate "1975.03.22"]
[EventType "swiss"]
[EventRounds "10"]
[EventCountry "DEN"]
[SourceTitle "ChessBase"]

1. e4 e5 2. Nf3 Nc6 3. Bb5 Bc5 4. O-O Nf6 5. c3 O-O 6. d4 Bb6 7. Bg5 d6 8. a4 a5 9. Na3 exd4 10. cxd4 Bg4 11. Bxc6 bxc6 12. Nc4 h6 13. Nxb6 cxb6 14. Bxf6 Qxf6 15. Ra3 b5 16. h3 Bh5 17. Re1 Rfb8 18. Qd2 bxa4 19. e5 Qd8 20. d5 cxd5 21. Nd4 Qb6 22. exd6 Qxd6 23. Rc3 Bg6 24. Nc6 Re8 25. Rd1 Kh7 26. f3 Rac8 27. Nxa5 Qb6+ 0-1

[Event "Danmarksmesterskabet 1975"]
[Site "Odense"]
[Date "1975.03.28"]
[Round "7"]
[White "Eriksen, Soren"]
[Black "Bjerring, Kai"]
[Result "1-0"]
[WhiteElo "2163"]
[BlackElo "2297"]
[PlyCount "95"]
[EventDate "1975.03.22"]
[EventType "swiss"]
[EventRounds "10"]
[EventCountry "DEN"]
[SourceTitle "ChessBase"]

1. e4 Nf6 2. e5 Nd5 3. d4 d6 4. Nf3 Bf5 5. Bd3 Qd7 6. O-O Nb6 7. exd6 cxd6 8. Na3 Bxd3 9. Qxd3 Nc6 10. c4 d5 11. c5 Nc8 12. Nc2 a5 13. Bd2 e6 14. a3 a4 15. b4 axb3 16. Qxb3 Be7 17. Rfb1 Ra7 18. a4 Bf6 19. Bc3 O-O 20. Na3 Ra6 21. Qxb7 Qxb7 22. Rxb7 Rxa4 23. Nb5 Rxa1+ 24. Bxa1 N8e7 25. Bc3 Rb8 26. Rxb8+ Nxb8 27. Kf1 Nec6 28. Ne1 Nd7 29. Nd3 g5 30. h3 Bd8 31. g4 f6 32. Nb4 Ndb8 33. Nxc6 Nxc6 34. Ke2 Kf8 35. Ke3 e5 36. f3 Ke7 37. Nd6 Ke6 38. Nf5 Bc7 39. Ng7+ Kf7 40. Nf5 Ne7 41. Nxe7 Kxe7 42. Kd3 Ke6 43. Be1 Kd7 44. h4 exd4 45. hxg5 fxg5 46. Bd2 Bf4 47. Bxf4 gxf4 48. Kxd4 1-0

[Event "Danmarksmesterskabet 1975"]
[Site "Odense"]
[Date "1975.03.24"]
[Round "3"]
[White "Eriksen, Soren"]
[Black "Brondum, Eric"]
[Result "0-1"]
[WhiteElo "2163"]
[BlackElo "2207"]
[PlyCount "60"]
[EventDate "1975.03.22"]
[EventType "swiss"]
[EventRounds "10"]
[EventCountry "DEN"]
[SourceTitle "ChessBase"]

1. e4 c5 2. Nc3 d6 3. g3 Nc6 4. Bg2 g6 5. d3 Bg7 6. f4 e6 7. Nf3 Nge7 8. O-O O-O 9. Be3 Nd4 10. Kh1 Rb8 11. g4 b5 12. Rb1 b4 13. Ne2 Nxf3 14. Bxf3 Qa5 15. Qe1 Bb7 16. f5 exf5 17. gxf5 Rbe8 18. Bf4 d5 19. Bd6 Qb6 20. Qg3 dxe4 21. dxe4 Nxf5 22. exf5 Rxe2 23. fxg6 hxg6 24. h4 Rfe8 25. h5 Be5 26. Bxe5 R8xe5 27. hxg6 Rh5+ 28. Kg1 c4+ 29. Rf2 Rg5 30. gxf7+ Kf8 0-1

[Event "Danmarksmesterskabet 1975"]
[Site "Odense"]
[Date "1975.03.26"]
[Round "5"]
[White "Grabow, Pouelsten Holm"]
[Black "Sloth, Jorn"]
[Result "1/2-1/2"]
[WhiteElo "2172"]
[BlackElo "2431"]
[PlyCount "24"]
[EventDate "1975.03.22"]
[EventType "swiss"]
[EventRounds "10"]
[EventCountry "DEN"]
[SourceTitle "ChessBase"]

1. Nf3 Nf6 2. d4 b6 3. c4 Bb7 4. Nc3 e6 5. Bg5 Bb4 6. Rc1 h6 7. Bh4 c5 8. e3 cxd4 9. Nxd4 O-O 10. Be2 Nc6 11. O-O Be7 12. Bg3 Na5 1/2-1/2

[Event "Danmarksmesterskabet 1975"]
[Site "Odense"]
[Date "1975.03.27"]
[Round "6"]
[White "Hvenekilde, Jorgen"]
[Black "Rosenlund, Thorbjorn"]
[Result "1/2-1/2"]
[WhiteElo "2298"]
[BlackElo "2324"]
[PlyCount "86"]
[EventDate "1975.03.22"]
[EventType "swiss"]
[EventRounds "10"]
[EventCountry "DEN"]
[SourceTitle "ChessBase"]

1. e4 c6 2. Nc3 d5 3. d4 dxe4 4. Nxe4 Nf6 5. Ng3 h5 6. Be2 h4 7. Nf1 Bf5 8. Ne3 Be4 9. f3 Bg6 10. Nh3 e6 11. Nf4 Bh7 12. O-O Nbd7 13. Bd3 Qc7 14. Bxh7 Rxh7 15. Nd3 Bd6 16. f4 g5 17. Nc4 gxf4 18. Nxd6+ Qxd6 19. c3 h3 20. Bxf4 Qd5 21. gxh3 Rxh3 22. Bg3 Qg5 23. Qf3 O-O-O 24. Qf4 Qxf4 25. Nxf4 Rh7 26. Rae1 Rg8 27. Rf2 Ng4 28. Rg2 Nh6 29. Nd3 Nf5 30. Be5 Rxg2+ 31. Kxg2 Kd8 32. Bg3 Ke7 33. a4 Nxg3 34. hxg3 Kd6 35. a5 c5 36. dxc5+ Nxc5 37. Rd1 Nxd3 38. Rxd3+ Kc6 39. Rd8 Rh5 40. Rf8 Rf5 41. g4 Rf4 42. Kg3 e5 43. Re8 f5 1/2-1/2

[Event "Danmarksmesterskabet 1975"]
[Site "Odense"]
[Date "1975.03.30"]
[Round "9"]
[White "Hvenekilde, Jorgen"]
[Black "Norby, Peter H"]
[Result "0-1"]
[WhiteElo "2298"]
[BlackElo "2293"]
[PlyCount "74"]
[EventDate "1975.03.22"]
[EventType "swiss"]
[EventRounds "10"]
[EventCountry "DEN"]
[SourceTitle "ChessBase"]

1. e4 c5 2. Nc3 Nc6 3. g3 g6 4. Bg2 Bg7 5. d3 d6 6. Be3 Rb8 7. Nge2 Nd4 8. h3 Bd7 9. f4 e6 10. Qd2 Ne7 11. g4 Qb6 12. Rb1 Qa5 13. Ng3 b5 14. O-O Nec6 15. e5 d5 16. a3 b4 17. axb4 Nxb4 18. f5 Ndxc2 19. Bf4 Qb6 20. Nce4 dxe4 21. Nxe4 gxf5 22. gxf5 exf5 23. Nd6+ Kf8 24. Bh6 Rg8 25. Kh1 Nd4 26. Rf2 Re8 27. Rbf1 Re6 28. Nxf5 Nxf5 29. Rxf5 Bxh6 30. Rxf7+ Ke8 31. Qf2 Nxd3 32. Qf5 Nxe5 33. Rxh7 Kd8 34. Rxh6 Rxh6 35. Qxe5 Qd6 36. Qe4 Rxh3+ 37. Bxh3 Bc6 0-1

[Event "Danmarksmesterskabet 1975"]
[Site "Odense"]
[Date "1975.03.26"]
[Round "5"]
[White "Hvenekilde, Jorgen"]
[Black "Iskov, Gert"]
[Result "1-0"]
[WhiteElo "2298"]
[BlackElo "2364"]
[PlyCount "109"]
[EventDate "1975.03.22"]
[EventType "swiss"]
[EventRounds "10"]
[EventCountry "DEN"]
[SourceTitle "ChessBase"]

1. e4 c5 2. Nf3 Nc6 3. d4 cxd4 4. Nxd4 Qc7 5. Nc3 e6 6. g3 a6 7. Nb3 b5 8. Bg2 Nf6 9. O-O d6 10. f4 Be7 11. a3 Bb7 12. Be3 O-O 13. g4 Rfe8 14. g5 Nd7 15. Qh5 g6 16. Qh6 Bf8 17. Qh4 Bg7 18. Rf3 b4 19. axb4 Nxb4 20. Rh3 Nf8 21. Rc1 a5 22. Nd4 Qd7 23. Rd1 d5 24. e5 Reb8 25. Rd2 Na6 26. Nd1 Bc6 27. c3 a4 28. Nf2 a3 29. bxa3 Rb1+ 30. Rd1 Rab8 31. Bc1 Ba4 32. Re1 Ra1 33. Ng4 Rbb1 34. Bd2 Qb7 35. Nf6+ Bxf6 36. gxf6 Rxe1+ 37. Bxe1 Qb1 38. Re3 Qc1 39. Kf2 Nc7 40. Qh6 Ne8 41. Bf1 Nd7 42. Nf3 Bd1 43. f5 Qc2+ 44. Kg3 Qxf5 45. Bd3 Qh5 46. Qxh5 gxh5 47. Bb5 Ndxf6 48. exf6 Nxf6 49. c4 Bxf3 50. Kxf3 d4 51. Re5 Rxa3+ 52. Kf4 h6 53. Bh4 d3 54. Re1 Rb3 55. Bxf6 1-0

[Event "Danmarksmesterskabet 1975"]
[Site "Odense"]
[Date "1975.03.25"]
[Round "4"]
[White "Hvenekilde, Jorgen"]
[Black "Kolbak, Jens"]
[Result "1/2-1/2"]
[WhiteElo "2298"]
[BlackElo "2343"]
[PlyCount "83"]
[EventDate "1975.03.22"]
[EventType "swiss"]
[EventRounds "10"]
[EventCountry "DEN"]
[SourceTitle "ChessBase"]

1. e4 e5 2. Bc4 Nf6 3. Nc3 Bc5 4. d3 d6 5. Bg5 h6 6. Bh4 Be6 7. Nge2 Nc6 8. a3 a6 9. Nd5 g5 10. Bg3 Bxd5 11. exd5 Ne7 12. h4 g4 13. h5 Nfxd5 14. Bh4 Qd7 15. d4 Bb6 16. dxe5 Qc6 17. Bxd5 Nxd5 18. exd6 Qxd6 19. c4 Ne7 20. Qxd6 cxd6 21. Ng3 Rc8 22. O-O Kd7 23. Rfe1 Rhe8 24. Ne4 Ng8 25. Rad1 Re6 26. Bg3 Rxc4 27. Rxd6+ Rxd6 28. Nxd6 Rc2 29. Nxf7 Nf6 30. Ne5+ Kc8 31. Bh4 g3 32. Bxg3 Nxh5 33. Bh4 Nf4 34. b3 Bc7 35. Ng4 h5 36. Re8+ Kd7 37. Nf6+ Kc6 38. Re1 b5 39. Bg5 Bb6 40. Bxf4 Bxf2+ 41. Kf1 Bxe1 42. Kxe1 1/2-1/2

[Event "Danmarksmesterskabet 1975"]
[Site "Odense"]
[Date "1975.03.27"]
[Round "6"]
[White "Ingerslev, Aage"]
[Black "Jacobsen, Bo"]
[Result "0-1"]
[WhiteElo "2334"]
[BlackElo "2377"]
[PlyCount "74"]
[EventDate "1975.03.22"]
[EventType "swiss"]
[EventRounds "10"]
[EventCountry "DEN"]
[SourceTitle "ChessBase"]

1. d4 Nf6 2. c4 g6 3. Nc3 Bg7 4. e4 d6 5. Be2 O-O 6. Nf3 e5 7. O-O Nc6 8. d5 Ne7 9. Ne1 Ne8 10. Nd3 f5 11. exf5 gxf5 12. f4 Ng6 13. Be3 Qe7 14. Qd2 e4 15. Nf2 Nf6 16. b4 Bd7 17. c5 h5 18. Rac1 Qe8 19. cxd6 cxd6 20. a4 a6 21. a5 Nh4 22. Nh3 Bh6 23. Ng5 Bxg5 24. fxg5 Ng4 25. Bxg4 hxg4 26. Ne2 Bb5 27. Rc7 Rf7 28. Rfc1 Bxe2 29. Qxe2 Rxc7 30. Rxc7 Rc8 31. Rc4 Ng6 32. Qc2 Rxc4 33. Qxc4 f4 34. Bd4 e3 35. Qc7 Ne5 36. Qxd6 e2 37. Bc3 Nf3+ 0-1

[Event "Danmarksmesterskabet 1975"]
[Site "Odense"]
[Date "1975.03.22"]
[Round "1"]
[White "Ingerslev, Aage"]
[Black "Lund, Jens Christian"]
[Result "1/2-1/2"]
[WhiteElo "2334"]
[BlackElo "2206"]
[PlyCount "78"]
[EventDate "1975.03.22"]
[EventType "swiss"]
[EventRounds "10"]
[EventCountry "DEN"]
[SourceTitle "ChessBase"]

1. c4 c5 2. Nf3 Nc6 3. d4 cxd4 4. Nxd4 g6 5. e4 Bg7 6. Be3 Nf6 7. Nc3 d6 8. Be2 Bd7 9. O-O O-O 10. Qd2 a6 11. f3 Rc8 12. Rfc1 Nxd4 13. Bxd4 Be6 14. b3 Nd7 15. Be3 Qa5 16. Rab1 Rfe8 17. b4 Qd8 18. Nd5 Bxd5 19. cxd5 Nf6 20. a4 e6 21. dxe6 fxe6 22. Rxc8 Qxc8 23. Qxd6 Rd8 24. Qc5 Bf8 25. Qb6 Rd6 26. Qa7 Qc2 27. Re1 Rd7 28. Qb6 Kf7 29. a5 Qc3 30. Rc1 Qxb4 31. Rb1 Qxb6 32. Bxb6 Bd6 33. Kf2 Bxh2 34. g3 Nh5 35. g4 Nf6 36. Bc4 Bf4 37. Be3 Bc7 38. Bb6 Bf4 39. Be3 Bc7 1/2-1/2

[Event "Danmarksmesterskabet 1975"]
[Site "Odense"]
[Date "1975.03.22"]
[Round "1"]
[White "Iskov, Gert"]
[Black "Grabow, Pouelsten Holm"]
[Result "1-0"]
[WhiteElo "2364"]
[BlackElo "2172"]
[PlyCount "77"]
[EventDate "1975.03.22"]
[EventType "swiss"]
[EventRounds "10"]
[EventCountry "DEN"]
[SourceTitle "ChessBase"]

1. e4 e6 2. d4 d5 3. Nd2 Nf6 4. e5 Nfd7 5. Bd3 c5 6. c3 Nc6 7. Ne2 cxd4 8. cxd4 Qb6 9. Nf3 Bb4+ 10. Bd2 Bxd2+ 11. Qxd2 Qb4 12. Rc1 Qxd2+ 13. Kxd2 Nb6 14. b3 Bd7 15. Nf4 Ke7 16. Nh5 Rhg8 17. g4 h6 18. Rhg1 f6 19. Nf4 Be8 20. exf6+ gxf6 21. Rge1 Bf7 22. Bf5 Nd8 23. Rc7+ Nd7 24. Nxd5+ Kd6 25. Rxd7+ Kxd7 26. Nxf6+ Kd6 27. Nxg8 exf5 28. Nxh6 fxg4 29. Nxg4 Bd5 30. Nh4 Nc6 31. Nf5+ Kc7 32. Ne7 Bf3 33. Nxc6 Bxc6 34. Ne5 Rh8 35. Rc1 Rxh2 36. Ke3 Kd6 37. Nxc6 bxc6 38. Rc5 Rh7 39. f4 1-0

[Event "Danmarksmesterskabet 1975"]
[Site "Odense"]
[Date "1975.03.24"]
[Round "3"]
[White "Iskov, Gert"]
[Black "Brinck Claussen, Bjorn"]
[Result "1-0"]
[WhiteElo "2364"]
[BlackElo "2408"]
[PlyCount "69"]
[EventDate "1975.03.22"]
[EventType "swiss"]
[EventRounds "10"]
[EventCountry "DEN"]
[SourceTitle "ChessBase"]

1. e4 e6 2. d4 d5 3. Nd2 Nf6 4. e5 Nfd7 5. f4 c5 6. c3 Nc6 7. Ndf3 cxd4 8. cxd4 Nb6 9. Bd3 Be7 10. Ne2 h5 11. O-O Bd7 12. a3 a5 13. Nc3 g6 14. Nb5 Nc8 15. Qc2 Qb6 16. Be3 Kf8 17. Ng5 Kg7 18. Qe2 N6a7 19. Nc3 Qd8 20. h3 Nb6 21. g4 hxg4 22. hxg4 Rc8 23. Kg2 Nc4 24. Rh1 Rxh1 25. Rxh1 Bxg5 26. fxg5 Nxe5 27. Bf4 Nxd3 28. Be5+ Nxe5 29. Qxe5+ f6 30. gxf6+ Qxf6 31. Rh7+ Kxh7 32. Qxf6 Bc6 33. Qe7+ Kh6 34. g5+ Kh5 35. Kg3 1-0